| 000 | 00426cam a2200145ua 4500 | ||
|---|---|---|---|
| 041 |
_aeng _h |
||
| 082 |
_a338.04 _bGAI/SO |
||
| 100 | _aGovaikwad, Tripthy . | ||
| 245 |
_aSocio psyological factors influenering industrial enterprenuship in Rural Area / _cTripahty R.N,Gaikwad. _hTextual Documents |
||
| 260 |
_a : _bA ven printing works , _c1970. |
||
| 300 | _a136 ; . | ||
| 504 | _a | ||
| 942 | _cBK | ||
| 999 |
_c12341 _d12341 |
||